000 00887nam a22002897a 4500
001 0001456
003 DO-SdBPM
005 20250129105752.0
007 0001456
008 160520b 1999 sp ||||| |||| 00| 0 spa d
040 _aBPMSU
_bspa
_cBPMSU
082 4 _a641.5946
_bC198c 1999
_222
100 1 _aJosé María, Campos
245 _aLa cocina española :
_bcarnes, pescados y postres /
_c José María Campos ; fotografías Joan Masats.
246 1 4 _aLas mejores recetas de siempre
260 _a[Barcelona] :
_bAlfa y Omega,
_c1999
300 _a144 p. :
_bil. ;
_c29 cm.
590 _aInventariado, 2025/VM
650 4 _aCocina española.
650 4 _aGastronomía.
650 4 _aCarnes (Cocina)
650 4 _aPescado (Cocina)
650 4 _aPostres.
700 1 _a Masats, Joan
_efotografías
910 _aVMateo V. Control de calidad. BPMSU
942 _2ddc
_cBK
999 _c10184
_d10184